| 000 | 00837nam a22002657a 4500 | ||
|---|---|---|---|
| 999 |
_c200459930 _d78142 |
||
| 003 | TR-AnTOB | ||
| 005 | 20240426102324.0 | ||
| 008 | 240426b ||||| |||| 00| 0 tur d | ||
| 020 | _a9786052521847 | ||
| 040 |
_aTR-AnTOB _beng _cTR-AnTOB _erda |
||
| 041 | _atur | ||
| 092 | _a801.6 OLİ 2017 | ||
| 100 | _0Oliver, Jacques | ||
| 245 |
_aKüçük ve büyük sorular : _b Çalışmak ve meslekler ne işe yarar? / _cJacques-Olivier Po, Guillaume Arnaud ; çeviri Aynur Aldaş Açkalmaz. |
||
| 250 | _a1.bs | ||
| 260 |
_aİstanbul : _bAkan Ajans, _c2017. |
||
| 300 |
_a[48] Pages: _bill; _c22 cm. |
||
| 336 |
_2rdacontent _atext _btxt |
||
| 337 |
_2rdamedia _aunmediated _bn |
||
| 338 |
_2rdacarrier _avolume _bnc |
||
| 653 | _ameslekler | ||
| 942 |
_2ddc _cBK |
||